World Leaders Born in the 20th Century - Statistics

General Stats
  • This quiz has been taken 36 times
  • The average score is 6 of 16
Answers on the Grid
Answers color-coded by a green-red scale on the quiz's grid according to % correct below.
Richard Nixon
Mao Zedong
Deng Xiaoping
Pol Pot
Joseph Stalin
Ronald Reagan
Winston Churchill
Adolf Hitler
Francisco Franco
Kim Il-sung
Hirohito
Charles de Gaulle
Lyndon B. Johnson
Syngman Rhee
Nikita Khrushchev
Sukarno
Gamal Abdel Nasser
Nicolae Ceausescu
Margaret Thatcher
Konrad Adenauer
Golda Meir
Benito Mussolini
Harry Truman
Ho Chi Minh
Juan Peron
Augusto Pinochet
Nelson Mandela
Jawaharlal Nehru
Mohammad Reza Pahlavi
Fidel Castro
Chiang Kai-shek
John F. Kennedy
 
Answer Stats
Answer % Correct
John F. Kennedy
75%
Margaret Thatcher
63%
Ronald Reagan
58%
Fidel Castro
54%
Nelson Mandela
50%
Richard Nixon
50%
Deng Xiaoping
42%
Augusto Pinochet
33%
Nicolae Ceausescu
29%
Pol Pot
29%
Kim Il-sung
25%
Mohammad Reza Pahlavi
25%
Gamal Abdel Nasser
21%
Hirohito
21%
Lyndon B. Johnson
21%
Sukarno
17%
No matching quizzes found
Score Distribution
Percent of People with Each Score
Percentile by Number Answered
Your Score History
You have not taken this quiz